[Event "18th Brasschaat Open 2018"]
[Site "Brasschaat"]
[Date "2018.08.21"]
[Round "1"]
[White "Dgebuadze, Alexandre"]
[Black "Demarre, Jan"]
[Result "1-0"]
[WhiteElo "2511"]
[BlackElo "1741"]
[Annotator "TA"]
[PlyCount "43"]
[EventDate "2018.08.18"]
[EventType "swiss"]
[EventCountry "BEL"]
[SourceTitle "playchess.com"]
[Source "ChessBase"]
[SourceQuality "1"]

{[%evp 12,43,16,20,18,22,49,44,56,59,77,70,95,99,98,100,120,127,135,152,150,117,132,120,119,115,132,129,122,117,127,123,272,265]} 1. e4 e5 2. Bc4 Nc6 3. d3 Nf6 4. Nc3 Be7 5. a3 d6 6. Nge2 {C28: Wiener Partie} (6. f4 Bg4 7. Nf3 Nd4 8. Be3 Bxf3 9. gxf3 Nh5 10. Bxd4 exd4 11. Ne2 Bh4+ {½-½ (55) Shabalov,A (2567)-Ipatov,A (2650) Middleton 2018}) 6... O-O 7. O-O {LiveBook: 3 Partien} Be6 8. Nd5 {Die Stellung ist ausgeglichen.} h6 $146 ({Vorgänger:} 8... Qd7 9. Ng3 Nd8 10. f4 exf4 11. Rxf4 Bxd5 12. exd5 c6 13. Qf3 cxd5 14. Bxd5 Ne6 {½-½ (33) Arnason,J (2515)-Barle,J (2430) Debrecen 1992}) 9. f4 Bg4 {[#] Droht ...Sxd5 und aus.} 10. h3 Bxe2 11. Qxe2 Nd4 12. Nxe7+ Qxe7 13. Qf2 Nc6 14. Ba2 Nh5 15. fxe5 Nxe5 16. Bd2 Qf6 17. Qxf6 Nxf6 18. Rf5 Ned7 19. Raf1 Rae8 20. g4 Re5 21. R5f2 c6 (21... Re7 $16) 22. Bf4 {Precision: Weiß = 97%, Schwarz = 22%.} 1-0

[Event "18th Brasschaat Open 2018"]
[Site "Brasschaat"]
[Date "2018.08.21"]
[Round "1"]
[White "Grochal, Joey"]
[Black "Plompen, Wim"]
[Result "1-0"]
[WhiteElo "2300"]
[BlackElo "1723"]
[Annotator "TA"]
[PlyCount "80"]
[EventDate "2018.08.18"]
[EventType "swiss"]
[EventCountry "BEL"]
[SourceTitle "playchess.com"]
[Source "ChessBase"]
[SourceQuality "1"]

{[%evp 12,80,77,37,92,52,103,53,68,72,66,68,142,51,58,65,53,62,64,61,70,61,74,62,75,59,80,75,99,93,92,92,85,37,121,83,136,141,150,143,144,122,116,95,116,115,178,144,181,179,212,200,202,194,228,228,246,258,253,247,304,302,302,306,404,403,502,444,766,768,765]} 1. d4 g6 2. c4 Bg7 3. e4 c6 4. Nc3 d6 5. Be2 Nf6 6. Nf3 O-O 7. h3 {LiveBook: 39 Games} Bd7 {E91: King's Indian: Classical: 6 Be2, unusual replies including 6...c5 and 6...Bg4} (7... e5 $14) (7... a6 8. a4 a5 9. O-O Nbd7 10. e5 Ne8 11. Bg5 dxe5 12. dxe5 Nc7 13. Re1 Ne6 14. Bh4 Re8 15. Bg3 Qb6 16. Qc2 Ndf8 17. Rad1 {0-1 (35) Kyc,J (2242)-Piorun,K (2653) Zgierz 2018}) 8. O-O Na6 (8... e5 $14) 9. Re1 $146 ({Predecessor:} 9. Be3 Rb8 10. e5 Ne8 11. Qd2 Nac7 12. Rad1 b5 13. c5 d5 14. Bd3 Ne6 15. Ne2 f6 16. Bh6 {1-0 (35) Jakobsen,M (2189)-Jensen,H (2115) Esbjerg 2004}) 9... e5 {White is slightly better.} 10. dxe5 dxe5 11. Nxe5 Nc5 {[#]} (11... Re8 $14) 12. Nxd7 ({White should try} 12. Be3 $1 $16 {[%cal Re3c5]} b6 13. Bxc5 bxc5 14. Nd3) 12... Nfxd7 $14 13. Bf1 Re8 14. Qc2 Nf8 15. Bd2 Qc7 16. Rad1 Rad8 17. b4 Nce6 18. Ne2 Rd7 19. Be3 Red8 20. Rxd7 (20. Bxa7 $2 b6 $19) 20... Qxd7 21. Bxa7 Qd2 22. Qb1 Qd3 ({Better is} 22... Bb2 $14) 23. Be3 Qxb1 (23... Qxc4 $142 24. Nd4 Qc3) 24. Rxb1 $16 Ra8 25. Nc1 Nd4 26. Bxd4 Bxd4 27. c5 Ne6 28. Bc4 Kf8 (28... Ng5 $16) 29. Kf1 Ke7 30. Rb3 Be5 31. Bxe6 Kxe6 $18 {[%mdl 4096] Endgame KRB-KRN} 32. a3 Bf4 33. Nd3 Bh6 34. Ke2 f5 35. exf5+ gxf5 36. Nb2 Bc1 37. Nc4 Rg8 38. g3 {[%cal Bg2g3,Bg3g4][%mdl 32]} f4 39. g4 Rf8 (39... f3+ $142 40. Rxf3 Rd8) 40. Kd1 Kd5 {Precision: White = 71%, Black = 19%.} 1-0

[Event "18th Brasschaat Open 2018"]
[Site "Brasschaat"]
[Date "2018.08.21"]
[Round "1"]
[White "Draftian, Ashote"]
[Black "Jacobs, Paul"]
[Result "1-0"]
[WhiteElo "2247"]
[BlackElo "1867"]
[Annotator "TA"]
[PlyCount "65"]
[EventDate "2018.08.18"]
[EventType "swiss"]
[EventCountry "BEL"]
[SourceTitle "playchess.com"]
[Source "ChessBase"]
[SourceQuality "1"]

{[%evp 10,65,22,2,8,-8,8,-15,12,-9,-10,-56,-35,-47,17,-31,-16,-12,72,75,70,52,71,73,88,87,85,82,88,81,168,168,161,160,161,161,186,135,135,135,135,135,145,145,158,151,173,171,295,294,365,362,1244,1187,29989,29987,29987,29987]} 1. f4 d5 2. e3 Nf6 3. Nf3 a6 4. b3 c5 5. Bb2 Nc6 6. g3 {LiveBook: 5 Games. A03: Bird's Opening with 1...d5} e6 (6... g6 7. Bg2 Bg7 8. O-O d4 9. exd4 Nd5 10. Nc3 Bg4 11. Nxd5 Qxd5 12. Ne5 Qxg2+ 13. Kxg2 Bxd1 14. Raxd1 Nxd4 {1-0 (41) Bacrot,E (2720)-Gundavaa,B (2501) Dubai 2014}) 7. Bg2 Be7 8. Qe2 {The position is equal.} O-O 9. d3 $146 ({Predecessor:} 9. O-O b5 10. d3 Qb6 11. Nbd2 {½-½ (45) Kikinder,R (2123)-Jarabek,M (1638) Senica 2012}) 9... d4 10. e4 Ng4 11. Bc1 f5 (11... e5 $15) 12. e5 Nb4 13. h3 Ne3 (13... Nh6 $1 $11) 14. Bxe3 $16 dxe3 15. O-O b5 16. a3 $36 {[%mdl 2048] White is in control.} Nd5 17. c4 Nb6 18. Qxe3 Bb7 19. Nc3 b4 (19... Rb8 $16 {is a better defense.}) 20. axb4 $18 cxb4 21. Na4 Nxa4 22. Rxa4 ({Much weaker is} 22. bxa4 $6 Rc8 $11) 22... a5 23. Ng5 (23. Nd2 $18 Bxg2 24. Kxg2) 23... Bxg2 $16 24. Kxg2 Bxg5 25. fxg5 Qc7 26. d4 Rfd8 27. Rd1 Ra6 28. Kh2 Rd7 (28... Qb6 $142 29. Qd3 Ra7) 29. d5 $18 exd5 30. cxd5 {[%cal Bc4d5,Bd5e6][%mdl 32]} Re6 $2 {[#]} (30... Rc6 31. e6 Rc2+ 32. Kh1 Re7) 31. Rc1 Qxe5 32. Rc8+ Kf7 33. dxe6+ {Precision: White = 59%, Black = 14%.} 1-0

[Event "18th Brasschaat Open 2018"]
[Site "Brasschaat"]
[Date "2018.08.21"]
[Round "1"]
[White "Dauw, Sterre"]
[Black "Dupont, Paul"]
[Result "1-0"]
[WhiteElo "2192"]
[BlackElo "1665"]
[Annotator "TA"]
[PlyCount "91"]
[EventDate "2018.08.18"]
[EventType "swiss"]
[EventCountry "BEL"]
[SourceTitle "playchess.com"]
[Source "ChessBase"]
[SourceQuality "1"]

{[%evp 9,91,-4,73,64,75,9,31,-12,0,0,5,0,0,0,0,0,0,0,-9,-31,-15,-17,0,-87,-11,-74,-29,-42,-12,-46,12,-31,79,73,68,54,75,60,137,139,189,186,188,138,140,133,181,145,187,115,112,107,216,216,222,212,235,244,246,204,221,170,201,140,130,137,208,176,197,0,321,278,339,334,429,236,229,171,1062,1047,1087,1079,4810,1168]} 1. e4 e5 2. Nf3 Nc6 3. Bb5 f5 4. d4 fxe4 5. Nxe5 Nf6 (5... Nxe5 $11 6. dxe5 c6) 6. O-O $16 {C63: Ruy Lopez: Schliemann/Jaenisch Defence} Be7 7. Bf4 $146 ({Better is} 7. Re1 $16) ({Predecessor:} 7. Nc3 O-O 8. Bg5 Qe8 9. Ba4 d6 10. Nxc6 bxc6 11. Qe2 Kh8 12. Bxf6 Bxf6 13. Qxe4 Qxe4 14. Nxe4 Bxd4 15. Bxc6 {½-½ (45) Brnas,A (2203)-Dunatov,K (1906) Mali Losinj 2017}) 7... O-O $11 8. d5 {White is slightly better.} (8. Ba4 {feels hotter.} Kh8 9. a3 Na5 10. Qe1 Nc6 11. Qd2) 8... Nxe5 9. Bxe5 d6 10. Bg3 a6 11. Be2 Qe8 12. c4 Bf5 13. Nc3 h5 14. Bf4 Qg6 15. Kh1 Rae8 16. Qb3 {[#]} (16. h3 $11) 16... Bc8 (16... Ng4 $1 $17) 17. c5 (17. Be3 $11) 17... Nd7 18. cxd6 cxd6 19. Be3 Bf6 (19... Ne5 $15) 20. Qd1 Re5 (20... Be5 $15 {keeps the upper hand.}) 21. Bf4 $36 {[%mdl 2048] White is in control.} Rf5 22. Bxd6 Re8 {[#] White must now prevent ...Bxc3.} 23. Bc7 Be5 (23... Nc5 $14) 24. Bxe5 Nxe5 25. Nxe4 {And now Ng3 would win.} Ng4 26. Bxg4 hxg4 27. Ng3 Rf6 28. Qd2 Rd8 29. Rfe1 (29. Rae1 $18) 29... Qf7 30. Ne4 Rh6 (30... Rf5 $16 {was necessary.}) 31. Rad1 $18 Qh5 {[%csl Gh6][%cal Rh5h2]} 32. Qf4 Rf8 33. Qg3 Bf5 34. d6 Bd7 35. Kg1 Qb5 36. Qb3+ Qxb3 37. axb3 {[%cal Ba2b3,Bb3b4][%mdl 32] aiming for Nc5.} Rf5 (37... Rd8 $16 38. Ng5 Rh5) 38. Ng3 Rff6 39. Ne4 $2 (39. Re7 $18 Rf7 40. Re3) 39... Rf7 $2 {[%mdl 8192]} (39... Rf5 $1 $11 {and Black stays safe.}) 40. Nc5 Rh5 41. b4 ({Don't do} 41. Nxb7 $6 Rhf5 $18) 41... a5 42. Nxd7 (42. Re7 $142 Rxe7 43. dxe7) 42... Rxd7 43. Re7 Rd8 $2 (43... Rxe7 44. dxe7 Kf7) 44. d7 {Re8+ is the strong threat.White is clearly winning.} Kf8 45. Rde1 Rd5 46. Re8+ {Precision: White = 38%, Black = 32%.} 1-0

[Event "18th Brasschaat Open 2018"]
[Site "Brasschaat"]
[Date "2018.08.21"]
[Round "1"]
[White "Den Hartog, Marijn"]
[Black "Verlinden, Willem"]
[Result "1-0"]
[WhiteElo "2118"]
[BlackElo "1654"]
[Annotator "TA"]
[PlyCount "89"]
[EventDate "2018.08.18"]
[EventType "swiss"]
[EventCountry "BEL"]
[SourceTitle "playchess.com"]
[Source "ChessBase"]
[SourceQuality "1"]

{[%evp 10,89,16,14,56,43,49,45,52,50,56,48,73,69,73,69,116,86,102,102,100,104,115,120,109,66,142,146,131,93,289,268,420,418,371,111,166,78,71,72,92,59,63,56,79,39,44,29,64,68,65,62,126,125,123,76,246,239,295,295,295,290,379,383,423,418,770,336,322,0,540,552,649,638,608,627,550,615,774,539,1105,1089]} 1. e4 e5 2. Nf3 d6 3. d4 exd4 4. Nxd4 Nf6 5. Bd3 Be7 (5... g6 6. O-O Bg7 7. Nc3 O-O 8. Bg5 c6 9. Qd2 b5 10. a3 Bb7 11. Bh6 Nbd7 12. Rad1 a6 13. Be2 c5 14. Bxg7 Kxg7 {0-1 (56) Van Foreest,J (2629)-Bocharov,D (2583) Riadh 2017}) 6. O-O {LiveBook: 11 Games. B07: Pirc Defence: Miscellaneous Systems} Nbd7 7. c4 Nc5 $146 ({Predecessor:} 7... Ne5 8. Nc3 Bd7 9. Be2 a6 10. h3 h6 11. f4 Nc6 12. Bf3 Nxd4 13. Qxd4 {1-0 (50) Betz,E (2006)-Johansen,B (1278) Dresden 2008}) 8. Nc3 {White is slightly better.} Nxd3 9. Qxd3 O-O 10. b3 b6 11. Bb2 Bd7 12. Nc2 Ng4 13. Nd5 Ne5 14. Qc3 Bf6 15. Nxf6+ Qxf6 16. f4 Ng4 17. e5 Qg6 (17... dxe5 $14 18. h3 (18. fxe5 Qg6 $14) 18... Nh6) 18. exd6 $1 $16 cxd6 19. Rad1 Rad8 $2 {[#]} (19... f6 $16 {might work better.}) 20. Rxd6 $1 $18 {[%mdl 512]} Be6 (20... f6 $142 21. Qd2 Rf7) (20... Qxd6 21. Qxg7#) 21. Rxd8 $1 Rxd8 {[#]} 22. Nd4 $2 (22. f5 $1 $18 {[%cal Rf5g6][%mdl 512]} Bxf5 23. Rxf5 $1 {[%mdl 512]}) 22... Bc8 (22... Bd7 $16 23. Qg3 Nh6) 23. Nc6 (23. h3 $18 {and White stays clearly on top.} Nf6 24. Nc6) 23... Re8 $16 {aiming for ...Bb7.} 24. Qd4 {And now Ne7+! would win.} ({Wrong is} 24. Nxa7 $2 Ne3 $19) 24... Nf6 25. Ne5 $40 {[%mdl 128] White is up to no good.} ({Much weaker is} 25. Nxa7 $6 Re2 $11) 25... Qe4 26. Qd2 Bb7 27. Re1 Qf5 28. h3 Qc8 29. Rd1 h6 30. Qd4 Qc5 ({Black should try} 30... Qe6 $14) 31. Qxc5 bxc5 32. Ba3 Ne4 $2 (32... Nh5 $16) 33. Rd7 $18 f6 34. Rxb7 fxe5 35. fxe5 ({Not} 35. Rxa7 exf4 36. Ra5 Re5 $16) 35... Rxe5 {[%mdl 4096] Endgame KRB-KRN} 36. Bb2 Rg5 37. Rxa7 Nd2 (37... Rg3 $142 38. Re7 Nd6) 38. Kh2 (38. Bc1 $142) 38... Nf1+ {[#]} 39. Kg1 $2 (39. Kh1 $1 $18) 39... Ng3 $2 {[%mdl 8192]} (39... Nd2 $1 $11 40. Bc1 Nf3+ 41. Kf2 Nd4 42. Bxg5 hxg5) 40. a4 {[%cal Ba2a4,Ba4a5][%mdl 32] White is clearly winning.} Ne2+ 41. Kf2 Nf4 42. Kf3 Nd3 43. Bc3 Nc1 44. Rb7 Nd3 45. a5 {Precision: White = 55%, Black = 22%.} 1-0

[Event "18th Brasschaat Open 2018"]
[Site "Brasschaat"]
[Date "2018.08.21"]
[Round "1"]
[White "Mitran, Anthony Cristian"]
[Black "Berghs, Hilde"]
[Result "1-0"]
[WhiteElo "2096"]
[BlackElo "1626"]
[Annotator "NA RC"]
[PlyCount "57"]
[EventDate "2018.08.18"]
[EventType "swiss"]
[EventCountry "BEL"]
[SourceTitle "playchess.com"]
[Source "ChessBase"]
[SourceQuality "1"]
[TimeControl "40/5400+30:1800+30"]

1. Nf3 {[%emt 0:00:00]} Nf6 {[%emt 0:00:00]} 2. b3 {[%emt 0:00:00]} g6 {[%emt 0:00:00]} 3. Bb2 {[%emt 0:00:00]} Bg7 {[%emt 0:00:00]} 4. d4 {[%emt 0:00:00]} O-O {[%emt 0:00:00]} 5. Nbd2 {[%emt 0:00:00]} d6 {[%emt 0:00:10]} 6. g3 {[%emt 0:00:02]} c5 {[%emt 0:00:31]} 7. Bg2 {[%emt 0:00:05]} Nc6 {[%emt 0:00:14]} 8. O-O {[%emt 0:00:22]} cxd4 {[%emt 0:00:23]} 9. Nxd4 {[%emt 0:00:01]} Bd7 {[%emt 0:00:56]} 10. e4 {[%emt 0:00:58]} Rc8 {[%emt 0:01:11]} 11. Nc4 {[%emt 0:00:42]} Nxd4 {[%emt 0:00:59]} 12. Bxd4 {[%emt 0:00:46]} b6 {[%emt 0:02:33]} 13. a4 {[%emt 0:05:08]} Qc7 {[%emt 0:02:20]} 14. e5 {[%emt 0:07:36]} Ng4 {[%emt 0:11:02]} 15. exd6 {[%emt 0:02:40]} exd6 {[%emt 0:00:33]} 16. Bxg7 {[%emt 0:00:54]} Kxg7 {[%emt 0:00:02]} 17. Qd4+ {[%emt 0:01:39]} f6 {[%emt 0:02:51]} 18. Rae1 {[%emt 0:09:39]} Ne5 {[%emt 0:03:59]} 19. Nxd6 {[%emt 0:01:35]} Qc5 {[%emt 0:00:59]} 20. Qxc5 {[%emt 0:05:37]} Rxc5 {[%emt 0:00:03]} 21. f4 {[%emt 0:02:44]} Nf7 {[%emt 0:00:59]} 22. Re7 {[%emt 0:01:07]} Bc6 {[%emt 0:03:23]} 23. Bxc6 {[%emt 0:03:35]} Rxc6 {[%emt 0:00:02]} 24. Nb5 {[%emt 0:00:02]} Kg8 {[%emt 0:04:57]} 25. c4 {[%emt 0:00:52]} a6 {[%emt 0:02:57]} 26. Nc7 {[%emt 0:00:36]} a5 {[%emt 0:01:42]} 27. Nd5 {[%emt 0:02:30]} Nd6 {[%emt 0:00:32]} 28. Re6 {[%emt 0:01:09]} Kg7 {[%emt 0:01:20]} 29. Rfe1 {[%emt 0:00:30]} 1-0

[Event "18th Brasschaat Open 2018"]
[Site "Brasschaat"]
[Date "2018.08.21"]
[Round "1"]
[White "Dgebuadze, Marie"]
[Black "Docx, Stefan"]
[Result "0-1"]
[WhiteElo "1733"]
[BlackElo "2444"]
[Annotator "TA"]
[PlyCount "96"]
[EventDate "2018.08.18"]
[EventType "swiss"]
[EventCountry "BEL"]
[SourceTitle "playchess.com"]
[Source "ChessBase"]
[SourceQuality "1"]

{[%evp 19,96,0,3,-41,-37,-36,-51,-55,-64,-48,-25,-30,-30,-42,-38,-58,-39,-39,-31,-36,-21,-68,0,0,0,-51,-27,-27,90,-36,-36,-36,-36,-35,-31,-36,-31,-31,-31,-31,-31,-45,-37,-37,-37,-46,-37,-39,-44,-60,-41,-39,-46,-38,-37,-43,-31,-52,-34,-233,-222,-306,-308,-315,-256,-256,-255,-380,-377,-1034,-446,-636,-692,-656,-631,-983,-759,-5165,-5110]} 1. d4 Nf6 2. Nf3 g6 3. Bf4 Bg7 4. c3 O-O 5. h3 d6 6. e3 c5 7. Be2 Be6 8. O-O {A48: 1 d4 Nf6 2 Nf3 g6: Torre, London and Colle Systems} Qb6 9. Qc1 Nc6 10. Nbd2 Rac8 {LiveBook: 3 Games} (10... cxd4 11. exd4 Rac8 12. Re1 Rfe8 13. Bh2 Nd7 14. Qb1 Na5 15. Bd3 Nc4 16. Nxc4 Bxc4 17. Bxc4 Rxc4 {½-½ (80) Li,R (2574)-Sevian,S (2585) Saint Louis 2017}) 11. Bc4 Bxc4 12. Nxc4 Qa6 13. Na3 $146 ({Predecessor:} 13. Ncd2 Nd5 14. Bg3 cxd4 15. exd4 Nxd4 16. Nxd4 Bxd4 {0-1 (43) Rodriguez Perez,M (1277)-Redondo Benavente,A (2022) Linares 2017}) 13... Nd5 14. dxc5 Nxf4 15. exf4 dxc5 16. Qc2 {[#]} Nb4 $1 {[%mdl 512]} 17. Qe4 (17. cxb4 cxb4) 17... Nd3 18. Nc4 Rfd8 {White must now prevent ...f5.} 19. Nfe5 Nxe5 20. Nxe5 Rd2 (20... Bxe5 $15 21. fxe5 Rd2) 21. Nc4 $11 Rd7 22. Ne5 (22. Rfd1 $11 Rcd8 23. Rxd7 Rxd7 24. f5) 22... Qe6 23. Rad1 Rcd8 (23... Bxe5 $11 {keeps the balance.} 24. Rxd7 Qxd7 25. fxe5 b6) 24. Rxd7 (24. Nxd7 $16 Qxe4 25. Nxc5) 24... Rxd7 $15 25. Re1 Bxe5 26. Qxe5 Qxe5 27. Rxe5 {[%mdl 4096] Endgame KR-KR} Rd1+ 28. Kh2 Rd2 29. Rxe7 Rxb2 30. Kg3 a5 31. a4 Rb3 32. f3 b6 33. Rb7 Kg7 34. Kg4 Rb2 35. Kg3 h5 36. h4 Kf6 37. Kh3 Rb3 38. Kg3 Ke6 39. Rc7 $2 {[#]} (39. Kf2 $15) 39... Rxc3 $19 40. Rc6+ Kd5 41. Rxb6 Ra3 42. Rf6 c4 {[%cal Bc5c4,Bc4c3][%mdl 32]} 43. Rxf7 (43. Kf2 {was forced.}) 43... c3 44. Rd7+ $2 (44. Kf2 Rxa4 45. Ke2) 44... Kc5 (44... Kc4 $142 45. Rc7+ Kb3 46. Rb7+ Ka2) 45. Rc7+ (45. Kf2 $142 Ra2+ 46. Ke1) 45... Kd4 46. f5 gxf5 47. Kf4 Rxa4 48. Kxf5 Rc4 {Precision: White = 32%, Black = 68%.} 0-1

[Event "18th Brasschaat Open 2018"]
[Site "Brasschaat"]
[Date "2018.08.21"]
[Round "1"]
[White "Dorcas, Carlos"]
[Black "Tikranian, Alik"]
[Result "0-1"]
[WhiteElo "1700"]
[BlackElo "2295"]
[Annotator "TA"]
[PlyCount "84"]
[EventDate "2018.08.18"]
[EventType "swiss"]
[EventCountry "BEL"]
[SourceTitle "playchess.com"]
[Source "ChessBase"]
[SourceQuality "1"]

{[%evp 11,84,4,12,16,16,-4,-7,-13,-5,-16,-6,-175,-173,-171,-162,-221,-226,-226,-187,-204,-210,-206,-127,-147,-135,-150,-136,-142,-130,-127,-114,-120,-116,-126,-114,-224,-202,-225,-225,-225,-225,-225,-172,-235,-235,-235,-225,-218,-222,-239,-224,-296,-300,-300,-298,-295,-282,-417,-424,-400,-400,-339,-348,-647,-561,-641,-616,-597,-613,-593,-544,-600,-590,-558,-538]} 1. e4 c5 2. Nc3 d6 3. g3 g6 4. Bg2 Bg7 5. d3 Nc6 6. Nge2 h5 {LiveBook: 6 Games} 7. Bg5 {B25: Closed Sicilian: 3 g3, lines without early Be3} (7. h3 Bd7 8. Be3 Nf6 9. Qd2 a6 10. a4 Rb8 11. f4 Qc8 12. Nd1 O-O 13. Nf2 b5 14. axb5 Rxb5 {½-½ (65) Galmandakh,B (2328)-Gan Od,S (2303) Ulaanbaatar 2015}) 7... Nd4 $146 ({Predecessor:} 7... Bd7 8. h3 Nf6 9. Qd2 O-O 10. O-O Re8 11. Rae1 a6 12. Bh6 b5 13. Bxg7 Kxg7 14. f4 b4 {½-½ (37) Pott,B (1978)-Ponting,A (1897) LSS email 2009}) 8. Qc1 Bg4 9. Nxd4 {The position is equal.} cxd4 10. Nd5 f6 11. h3 $2 {[#]} (11. Bd2 $11) 11... fxg5 $19 12. hxg4 e6 13. Nc7+ (13. gxh5 $142 exd5 14. hxg6) 13... Qxc7 14. Qxg5 Qf7 ({Not} 14... Qxc2 15. Qxg6+ Kf8 16. g5 $15) 15. Qb5+ Qd7 16. Qg5 hxg4 {[#] And now ...Rxh1+ would win.} 17. Rxh8 Bxh8 18. Qxg6+ Qf7 19. Qxg4 Nf6 {[%cal Bg8f6,Bf6h7,Bh7g5,Bg5e6][%mdl 32]} 20. Qf4 O-O-O 21. O-O-O Bg7 22. Rh1 Kb8 23. g4 (23. e5 $17 dxe5 24. Qxe5+ Qc7 25. Re1) 23... Qg6 24. Bf3 Nh7 25. Qh2 Ng5 26. Be2 {White hopes to continue with f4.} e5 {White must now prevent ...Qf7.} 27. Qg3 (27. f4 $142) 27... Ne6 {Strongly threatening ...Qg5+.} 28. g5 Qxg5+ 29. Qxg5 Nxg5 30. Rh5 Rh8 31. Rxg5 {[%mdl 4096] Endgame KRB-KRB} Bh6 32. f4 Bxg5 ({Weaker is} 32... exf4 33. Rh5 $17) 33. fxg5 {KR-KB} Rg8 34. c4 (34. b4 {was called for.}) 34... dxc3 35. bxc3 Rxg5 36. Bd1 Rg1 37. Kd2 $2 (37. a4) 37... Rg2+ {Black is clearly winning.} 38. Be2 Kc7 39. Ke3 Kb6 40. d4 Ka5 41. Kf3 Rh2 42. dxe5 dxe5 {Precision: White = 43%, Black = 68%.} 0-1

[Event "18th Brasschaat Open 2018"]
[Site "Brasschaat"]
[Date "2018.08.21"]
[Round "1"]
[White "Bruys, Piet"]
[Black "Sadkowski, Daniel"]
[Result "0-1"]
[WhiteElo "1670"]
[BlackElo "2235"]
[Annotator "TA"]
[PlyCount "58"]
[EventDate "2018.08.18"]
[EventType "swiss"]
[EventCountry "BEL"]
[SourceTitle "playchess.com"]
[Source "ChessBase"]
[SourceQuality "1"]

{[%evp 9,58,-6,6,10,8,0,4,0,0,-14,-7,-20,-14,-15,-5,0,14,11,7,16,24,4,19,4,0,-75,-79,-57,-81,-85,-92,-109,-99,-96,-72,-88,-79,-91,-88,-110,-70,-61,-42,-48,-43,-72,-50,-79,-83,-798,-785]} 1. c4 e6 2. Nf3 Nf6 3. a3 d5 4. d4 Be7 5. Bg5 O-O 6. e3 {D30: Queen's Gambit Declined: Systems without Nc3} h6 7. Bh4 b6 8. cxd5 $146 {The position is equal.} ({Predecessor:} 8. Be2 Bb7 9. O-O {½-½ (9) Idani,P (2563)-Lorparizangeneh,S (2519) Moscow 2017}) 8... Nxd5 9. Bxe7 Qxe7 10. Bd3 Bb7 11. O-O c5 12. dxc5 bxc5 13. Qc2 Nd7 14. Nbd2 Rab8 15. Rac1 Rfc8 16. Nc4 N5b6 17. Qe2 (17. Nfd2 $11 {keeps the balance.}) 17... Nxc4 18. Bxc4 Bxf3 19. Qxf3 Rxb2 20. Qe4 Nf6 21. Qe5 Rb6 22. Rfd1 Qc7 23. Qc3 Rd6 24. g3 Rcd8 25. Rxd6 Rxd6 26. Bf1 Nd7 27. Bb5 a6 (27... Ne5 $5 {[%cal Rc5c4]} 28. Be2 (28. Qxe5 $2 Rd1+ 29. Rxd1 Qxe5 $19) 28... Qb8 $17) 28. Bxd7 Rxd7 29. Qxc5 $2 {[%mdl 8192] [#]} (29. Qc4 $17) 29... Rd1+ $1 {[%mdl 512] Precision: White = 32%, Black = 80%.} 0-1

[Event "18th Brasschaat Open 2018"]
[Site "Brasschaat"]
[Date "2018.08.21"]
[Round "1"]
[White "Heymans, Berwout"]
[Black "Kazarian, Anna-Maja"]
[Result "0-1"]
[WhiteElo "1664"]
[BlackElo "2183"]
[Annotator "TA"]
[PlyCount "80"]
[EventDate "2018.08.18"]
[EventType "swiss"]
[EventCountry "BEL"]
[SourceTitle "playchess.com"]
[Source "ChessBase"]
[SourceQuality "1"]

{[%evp 16,80,31,15,41,54,60,27,47,41,67,31,48,23,47,0,19,22,32,0,8,0,0,0,0,0,14,35,41,39,74,0,68,0,0,0,0,-244,13,-29,-45,-56,-58,-34,-51,-110,-108,-127,-114,-102,-71,-65,-16,-271,-157,-133,-116,-208,-190,-195,-154,-164,-71,-244,-162,-714,-720]} 1. c4 e5 2. Nc3 Nf6 3. Nf3 Nc6 4. e3 d5 5. cxd5 Nxd5 6. Bb5 Nxc3 7. bxc3 Bd6 8. d4 Bd7 9. O-O {LiveBook: 12 Partien} e4 {A28: Englische Eröffnung (Vierspringer-Variante)} (9... Qe7 10. e4 O-O 11. Re1 Nxd4 12. Nxd4 exd4 13. Bxd7 Qxd7 14. cxd4 Bb4 15. Re3 Rad8 16. Bb2 Bc5 17. Rd3 {0-1 (66) Howell,D (2676)-Malakhov,V (2686) Riadh 2017}) 10. Nd2 $1 Qg5 11. Qe2 Qh6 $146 {[%csl Gd6][%cal Rh6h2] [#] Weiß hat minimalen Vorteil.} ({Vorgänger:} 11... Qh4 12. f4 exf3 13. Nxf3 Qh5 14. e4 O-O-O 15. e5 Rhe8 16. Qb2 Bf8 17. Rb1 {½-½ (34) Faldon,D (1911)-Myall,I (2046) Llandudno 2017}) 12. f4 f5 13. d5 Nb8 {[%cal Bc6b8,Bb8d7,Bd7b6][%mdl 32]} 14. Rb1 O-O 15. Nb3 a6 16. Bxd7 $1 Nxd7 17. Bd2 b5 18. c4 bxc4 $40 {[%mdl 128] Schwarz startet einen Angriff.} 19. Qxc4 Nb6 20. Qc6 {Und weiter mit Sd4 wäre nett.} Rf6 {...Lxf4 ist eine echte Drohung.} 21. Qb7 Qh5 22. Nd4 {Und Txb6 würde nun gewinnen.} Qe8 23. Ne6 ({Besser ist} 23. Rfc1 $16) 23... Rf7 (23... Rb8 $1 $11 24. Qa7 (24. Qxa6 Nxd5 25. Rxb8 Qxb8 $11) (24. Nxc7 $2 Qd8 $19) 24... Qc8) 24. Ba5 (24. Rfc1 $14) 24... Rb8 $1 $11 {[%cal Rb8b7]} 25. Qxa6 {[%cal Ra5b6]} Nxd5 26. Ng5 $2 (26. Rxb8 $11 Qxb8 27. Bd2) 26... Rf6 $2 ({Schlechter ist} 26... Nxe3 27. Nxf7 Kxf7 28. Rxb8 $11) ({Lieber} 26... Ra8 $19 27. Qb5 c6) 27. Qc4 c6 28. Rxb8 Bxb8 29. Bc3 Rg6 30. Rb1 ({Günstiger ist} 30. Bd4 $15) 30... h6 $17 31. Nh3 Ba7 32. Bd4 Bxd4 33. Qxd4 Qa8 34. Qc4 $2 {[%mdl 8192]} (34. a4 $11 {und Weiss muss sich keine Sorgen machen.}) 34... Qa7 (34... Kh7 $19 {Droht stark ...Txg2+!} 35. Re1 Qa5) 35. Re1 Kh7 36. Qb3 (36. Qe2 $17) 36... Qa5 $19 {[%cal Ra5e1]} 37. Re2 Rd6 38. Nf2 Nb4 (38... Nc3 $19 {bietet bessere Gewinnchancen.} 39. Rc2 {[#]} Nxa2 $1 {[%mdl 512]}) 39. a3 $2 (39. h3 $17 {kämpft weiter.}) 39... Nd3 40. h3 $2 (40. Qc4) 40... Nc1 $1 {[%csl LRb3,LRe2] Precision: Weiß = 30%, Schwarz = 37%.} 0-1